000 01011nam a2200313 a 4500
001 000033262
003 OSt
005 20201015143231.0
008 110823s1954 dr l 000 0 spa d
040 _aDO-SdBNP
_bspa
_cDO-SdBNP
082 _a348.7293022
_bR426l
110 2 _aRepública Dominicana.
_9447
240 1 0 _aLeyes, etc.
245 1 0 _a Legislación acerca de la cédula personal de identidad :
_botras disposiciones de interés general /
250 _a
260 _aCiudad Trujillo:
_bSecretaría de Estado del Tesoro y Crédito Público,
_c1954
300 _a 147 p. ;
_c22 cm.
310 _a
500 _a
546 _aTexto en español y inglés
590 _aInventariado, 2020/VM
650 7 _aDerecho
_zRepública Dominicana
_935307
_2Lemb
650 7 _aLegislación por decretos
_zRepública Dominicana
_935308
_2Lemb
650 7 _aDerecho civil
_xLegislación
_zRepública Dominicana
_2Lmb
_96943
780 0 0 _a
_s
_t
910 _a
942 _2ddc
_cLBS1
956 _aVMateo
999 _c48895
_d48895